000 00582nam a22001817a 4500
003 OSt
005 20211113153816.0
008 211113b ||||| |||| 00| 0 eng d
022 _20973-3892
_a0973-3892
040 _cSerial Publications
222 _aInternational Journal of Intelligent Information Processing.
245 _aInternational Journal of Intelligent Information Processing.
260 _aNew Delhi
_bSerials Publications(P) LTD.
310 _aBiannual
650 _aInformation Processing
_vPeriodical
_910353
655 _aPeriodical
_910354
942 _2ddc
_cPR
_s1
999 _c220564
_d220564